00686cam a22002293a 45000010005000000030006000050050017000110080041000280400015000690420007000840500007000910500006000981000039001042450112001432600029002555050016002845060030003005160020003306530037003508300028003878560041004152672PGUSA20140828083020.0010601s2001||||xxu|||||s|||||000 | eng d aPGUSAbeng adc 4aPS 4aD1 aWarner, Charles Dudley,d1829-190014aThe Complete Writings of Charles Dudley Warner — Volume 2h[electronic resource] /cCharles Dudley Warner bProject Gutenberg,c20010 aSaunterings aPublic domain in the USA. aElectronic text aEurope -- Description and travel 0aProject Gutenbergv267240uhttp://www.gutenberg.org/ebooks/2672